000 00507nam a2200169 i 4500
001 34246
003 ES-MaACL
005 20230906154912.0
007 t|
008 030204s1971 sp ||||1| spa d
100 1 _aBodini, Vittorio.
_929710
245 1 4 _aLos poetas surrealistas españoles /
_cVittorio Bodini ; [traducción de Carlos Manzano].
260 _a[Barcelona] :
_bTusquets,
_c[1971]
300 _a117 p. ;
_c18 cm.
700 1 _aManzano, Carlos.
_976216
852 _aES-MaACL
_jC-46568
_bR.80474
999 _c34246
_d34246